Score 0/197 Timer 15:00
0 Plays Today
Capital (sans vowel) Capital % Correct
BrlnBerlin
75.5%
Vtcn CtyVatican City
75.5%
BghddBaghdad
73.6%
CpnhgnCopenhagen
73.6%
LndnLondon
73.6%
Mxc CtyMexico City
73.6%
MscwMoscow
73.6%
BjngBeijing
71.7%
BdpstBudapest
71.7%
DblnDublin
71.7%
HlsnkHelsinki
71.7%
JrslmJerusalem
71.7%
Kl LmpKuala Lumpur
71.7%
LsbnLisbon
71.7%
LxmbrgLuxembourg
71.7%
StckhlmStockholm
71.7%
Wshngtn DCWashington, D.C.
71.7%
WllngtnWellington
71.7%
b DhbAbu Dhabi
69.8%
mstrdmAmsterdam
69.8%
BrdgtwnBridgetown
69.8%
DmscsDamascus
69.8%
KblKabul
69.8%
KthmndKathmandu
69.8%
KngstnKingston
69.8%
KngstwnKingstown
69.8%
Nw DlhNew Delhi
69.8%
St. Jhn'sSt. John's
69.8%
HvnHavana
69.8%
BngkkBangkok
67.9%
BlgrdBelgrade
67.9%
BrtslvBratislava
67.9%
BrsslsBrussels
67.9%
BchrstBucharest
67.9%
CnbrrCanberra
67.9%
DjbtDjibouti
67.9%
GrgtwnGeorgetown
67.9%
slmbdIslamabad
67.9%
JkrtJakarta
67.9%
KyvKyiv
67.9%
MdrdMadrid
67.9%
slOslo
67.9%
Prt--PrncPort-au-Prince
67.9%
Prt f SpnPort of Spain
67.9%
Sn JsSan José
67.9%
SngprSingapore
67.9%
St. Grg'sSt. George's
67.9%
TrplTripoli
67.9%
VnnVienna
67.9%
WrswWarsaw
67.9%
ZgrbZagreb
67.9%
dds bbAddis Ababa
66%
BshkkBishkek
66%
CrcsCaracas
66%
DhkDhaka
66%
Gtml CtyGuatemala City
66%
KhrtmKhartoum
66%
Kwt CtyKuwait City
66%
MnskMinsk
66%
MgdshMogadishu
66%
Phnm PnhPhnom Penh
66%
PyngyngPyongyang
66%
RykjvkReykjavík
66%
Sn MrnSan Marino
66%
Sn SlvdrSan Salvador
66%
SntgSantiago
66%
Capital (sans vowel) Capital % Correct
Snt DmngSanto Domingo
66%
SrjvSarajevo
66%
SkpjSkopje
66%
VctrVictoria
66%
VlnsVilnius
66%
L PzLa Paz
66%
thnsAthens
64.2%
BgtBogotá
64.2%
MnlManila
64.2%
MntvdMontevideo
64.2%
NrbNairobi
64.2%
ttwOttawa
64.2%
Pnm CtyPanama City
64.2%
PrgPrague
64.2%
RydhRiyadh
64.2%
lgrsAlgiers
62.3%
BrnBern
62.3%
FrtwnFreetown
62.3%
RmllhRamallah
62.3%
JbJuba
62.3%
KmplKampala
62.3%
KnshsKinshasa
62.3%
LbrvllLibreville
62.3%
LmLima
62.3%
PrsParis
62.3%
RmRome
62.3%
SfSofia
62.3%
TllnnTallinn
62.3%
TshkntTashkent
62.3%
TnsTunis
62.3%
Ulnbtr / Uln BtrUlaanbaatar
62.3%
VdzVaduz
62.3%
WndhkWindhoek
62.3%
TblsTbilisi
62.3%
ndrr l VllAndorra la Vella
60.4%
BrslBrasília
60.4%
BrzzvllBrazzaville
60.4%
ChsnChisinau
60.4%
DkrDakar
60.4%
HrrHarare
60.4%
LjbljnLjubljana
60.4%
MnrvMonrovia
60.4%
MsctMuscat
60.4%
Prt LsPort Louis
60.4%
Prt MrsbyPort Moresby
60.4%
PrstnPristina
60.4%
RbtRabat
60.4%
RgRiga
60.4%
S TmSão Tomé
60.4%
ccrAccra
58.5%
Bns rsBuenos Aires
58.5%
CstrsCastries
58.5%
CnkryConakry
58.5%
HnHanoi
58.5%
MptMaputo
58.5%
QtQuito
58.5%
ThmphThimphu
58.5%
mmnAmman
56.6%
smrAsmara
56.6%
Bndr Sr BgwnBandar Seri Begawan
56.6%
BlmpnBelmopan
56.6%
DlDili
56.6%
DdmDodoma
56.6%
DshnbDushanbe
56.6%
KglKigali
56.6%
LmLomé
56.6%
Capital (sans vowel) Capital % Correct
NssNassau
56.6%
NcsNicosia
56.6%
PdgrcPodgorica
56.6%
Prt VlPort Vila
56.6%
Sn'Sana'a
56.6%
TgcglpTegucigalpa
56.6%
VllttValletta
56.6%
YrvnYerevan
56.6%
bjAbuja
54.7%
nkrAnkara
54.7%
BsstrrBasseterre
54.7%
FnftFunafuti
54.7%
LskLusaka
54.7%
MnmManama
54.7%
MncMonaco
54.7%
N'DjmnN'Djamena
54.7%
NmyNiamey
54.7%
Prt NvPorto Novo
54.7%
SvSuva
54.7%
TrnTirana
54.7%
YndYaoundé
54.7%
ntnnrvAntananarivo
52.8%
pApia
52.8%
shgbtAshgabat
52.8%
stnAstana
52.8%
BkBaku
52.8%
BngBangui
52.8%
BrtBeirut
52.8%
BssBissau
52.8%
DhDoha
52.8%
GbrnGaborone
52.8%
LlngwLilongwe
52.8%
MbbnMbabane
52.8%
PlkrPalikir
52.8%
TrwTarawa
52.8%
YrnYaren
52.8%
BmkBamako
50.9%
BnjlBanjul
50.9%
BjmbrBujumbura
50.9%
MjrMajuro
50.9%
MlMalé
50.9%
MsrMaseru
50.9%
PrmrbParamaribo
50.9%
PrPraia
50.9%
TpTaipei
50.9%
HnrHoniara
49.1%
NypydwNaypyidaw
49.1%
NkchttNouakchott
49.1%
TkyTokyo
49.1%
sncnAsunción
47.2%
LndLuanda
47.2%
MlbMalabo
47.2%
MngManagua
47.2%
MrnMoroni
47.2%
Nk'lfNuku'alofa
47.2%
VntnVientiane
47.2%
YmsskrYamoussoukro
47.2%
MlkkMelekeok
45.3%
gdgOuagadougou
45.3%
RsRoseau
43.4%
PrtrPretoria
41.5%
ThrnTehran
41.5%
CrCairo
37.7%
SlSeoul
34%
Sr Jywrdnpr KttSri Jayawardenapura Kotte
26.4%
Remove Ads.
Support Sporcle.
Get the best of Sporcle when you Go Orange. This ad-free experience offers more features, more stats, and more fun while also helping to support Sporcle. Thank you for becoming a member.

You're not logged in!

Compare scores with friends on all Sporcle quizzes.
OR
Log In

Show Comments

Extras

Top Quizzes Today


Score Distribution

Your Account Isn't Verified!

In order to create a playlist on Sporcle, you need to verify the email address you used during registration. Go to your Sporcle Settings to finish the process.

Report this User

Report this user for behavior that violates our Community Guidelines.

Details: